000 00699nam a2200229 4500
001 144710
003 ES-MaACL
005 20230906201059.0
007 t|
008 070214s1972 sp r ||||1| spa d
100 1 _aSkinner, B. F.
_9106745
245 1 0 _aMás allá de la libertad y la dignidad /
_cB. F. Skinner ; [traducido... por Juan José Coy].
250 _a1ª ed.
260 _aBarcelona :
_bFontanella,
_c1972 (
_fFerrer Coll)
300 _a275 p. ;
_c19 cm.
490 1 _aPensamiento ;
_v35
700 1 _aCoy, Juan José.
_941405
830 0 _aPensamiento ;
_v35
_9178722
852 _aES-MaACL
_jC-43213
_bR.81599
852 _aES-MaACL
_jC-49809
_bR.84219
999 _c144710
_d144710